000 00383nam a22001337a 4500
082 _a657.2
_bMUN
_cL-32, P-1
100 _aMunro, Andrew
_944467
245 _aMunro's book-keeping and accountancy/
260 _aLondon:
_bSIR ISAAC Pitman & Son, Ltd
_cc1949
300 _avi, 748p
_bill;:
_c19cm
526 _a0
_b0
_c0
_d657_200000000000000_MUN
650 _aMCE
_9379
942 _2ddc
_cBK
999 _c548250
_d548250